ÇOCUKLAR İÇİN ÂMENTÜ (Kayıt no. 660410)
[ düz görünüm ]
| 000 -LEADER | |
|---|---|
| sabit uzunluktaki kontrol alanı | 00250nam a2200097Ia 4500 |
| 001 - KONTROL NUMARASI | |
| kontrol alanı | 660410 |
| 005 - EN SON İŞLEMİN TARİH VE ZAMANI | |
| kontrol alanı | 20250826160113.0 |
| 008 - SABİT-UZUNLUKTA VERİ ÖĞELERİ--GENEL BİLGİ | |
| sabit uzunluktaki kontrol alanı | 250824s9999 xx 000 0 und d |
| 245 #0 - ESER / YAZAR | |
| ESER ADI | ÇOCUKLAR İÇİN ÂMENTÜ |
| Yazar Adı | EMİNE TAŞGETİREN |
| 260 ## - YAYIN, DAĞITIM, VB. | |
| YAYIN EVİ | ALTIN COCUK |
| Düşüm durumu | Kayıp durumu | Hasar Durumu | Ödünç verilmez | Ana kütüphane | Geçerli Kütüphane | Edinilen tarih | Toplam ödünç verme sayısı | Barkod | Son görüntüleme tarihi | Son ödünç verme tarihi | Fiyatın geçerli olmaya başladığı tarih | Koha materyal türü |
|---|---|---|---|---|---|---|---|---|---|---|---|---|
| SELÇUKLU İMAM HATİP ORTAOKULU | SELÇUKLU İMAM HATİP ORTAOKULU | 24.08.2025 | 1 | 1012109 | 01.10.2025 | 01.10.2025 | 26.08.2025 | Kitaplar |